General Knowledge - Statistics

General Stats
  • This quiz has been taken 41 times
  • The average score is 8 of 17
Answer Stats
Hint Answer % Correct
q Famous drummer/singer ___ Collins Phil
89%
q Cowboy greeting Howdy
86%
q Like stealing _____ from a baby Candy
81%
q Holland is the world's largest producer of this Tulips
70%
q Yorkshire and Blood are examples of... Pudding
65%
q American fast food with red hair Wendys
62%
q Prestigious College of Berkshire, England Eton
59%
q Costal east African country Kenya
54%
q First name of 'The Flash' Barry
43%
q Timberlake is an example of... A Justin
35%
q A small grotesque creature of European folk lore Goblin
35%
q Phineas and Ferbs older sister Candice
30%
q Popular online pirate game released in 2018 Sea of Thieves
30%
q Official band of the TV series 'Arcane' Imagine Dragons
22%
q A deliberate exaggeration of a particular writer artist or genre Parody
22%
q Exercise is a synonym of this Fitness
19%
Theme Deez Nuts
11%
No matching quizzes found
Score Distribution
Percent of People with Each Score
Percentile by Number Answered
Your Score History
You have not taken this quiz